| 000 | 00354nam a22001577a 4500 | ||
|---|---|---|---|
| 003 | SGT | ||
| 020 | _a9780241341230 | ||
| 082 |
_a613.70 _bS19S |
||
| 100 | _aSWANSON, ANN. | ||
| 245 | _aSCIENCE OF YOGA | ||
| 260 |
_aLONDON _bPENGUIN RANDOM HOUSE _c2019 |
||
| 300 | _a216 | ||
| 650 | _aYOGA | ||
| 653 | _aYOGA , MEDITATION, SCIENCE | ||
| 942 |
_2ddc _cBK _03 |
||
| 999 |
_c24556 _d24556 |
||